Real time digital signal processing : (Record no. 36887)

MARC details
000 -LEADER
fixed length control field 02032nam a22003137a 4500
005 - DATE AND TIME OF LATEST TRANSACTION
control field 20100710145234.0
008 - FIXED-LENGTH DATA ELEMENTS--GENERAL INFORMATION
fixed length control field 100710t xxu||||| |||| 00| 0 eng d
010 ## - LCCN (DPL NO)
LC control number ENG-96385 B-431090-094
020 ## - INTERNATIONAL STANDARD BOOK NUMBER
International Standard Book Number 9788120340497
Terms of availability 395.00
035 ## - SYSTEM CONTROL NUMBER
System control number EN-79918 B-431090-094
037 ## - SOURCE OF ACQUISITION
Source of stock number/acquisition DBAD / PUB
037 ## - SOURCE OF ACQUISITION
Source of stock number/acquisition Allied Pub/Ven
040 ## - CATALOGING SOURCE
Original cataloging agency DPL
Language of cataloging English
082 ## - DEWEY DECIMAL CLASSIFICATION NUMBER
Classification number 621.3822
100 ## - MAIN ENTRY--PERSONAL NAME
Personal name Udayashankara, V.
9 (RLIN) 28466
245 ## - TITLE STATEMENT
Title Real time digital signal processing :
Statement of responsibility, etc by Udayashankara V.
Remainder of title fundamentals, algorithms and implementation using TMS processor /
260 ## - PUBLICATION, DISTRIBUTION, ETC. (IMPRINT)
Place of publication, distribution, etc New Delhi
Name of publisher, distributor, etc PHI Learning
Date of publication, distribution, etc 2010
270 ## - ADDRESS
Address M-97, Connaught Circus
City New Delhi
Postal code 110001
300 ## - PHYSICAL DESCRIPTION
Extent xxi,566 p.
Dimensions 24 cm (pbk)
500 ## - GENERAL NOTE
General note Includes bibliographical references and index.
942 ## - ADDED ENTRY ELEMENTS (KOHA)
Source of classification or shelving scheme Dewey Decimal Classification
Item type English Books
Call number suffix UDA
Classification part 621.3822
Holdings
Withdrawn status Lost status Source of classification or shelving scheme Damaged status Not for loan Collection code Home library Current library Date acquired Source of acquisition Cost, normal purchase price Total Checkouts Full call number Barcode Date last seen Copy number Cost, replacement price Koha item type
    Dewey Decimal Classification     Non-fiction Central Library Central Library 07/06/2011 Allied Pub/2961/29.3.11/85/24.3.11/31.3.11 395.00   621.3822 UDA B-431090 07/06/2011 1 395.00 English Books
    Dewey Decimal Classification   Not For Loan Non-fiction D.B.Act.Division D.B.Act.Division 10/07/2010 DBAD/PUB 395.00   621.3822 UDA EN-79918 10/07/2010 1 395.00 English Books
    Dewey Decimal Classification     Non-fiction Narela Narela 07/06/2011 Allied Pub/2961/29.3.11/85/24.3.11/31.3.11 395.00   621.3822 UDA B-431093 07/06/2011 1 395.00 English Books
    Dewey Decimal Classification     Non-fiction Patel Nagar Patel Nagar 07/06/2011 Allied Pub/2961/29.3.11/85/24.3.11/31.3.11 395.00   621.3822 UDA B-431091 07/06/2011 1 395.00 English Books
    Dewey Decimal Classification     Non-fiction Sarojini Nagar Sarojini Nagar 07/06/2011 Allied Pub/2961/29.3.11/85/24.3.11/31.3.11 395.00   621.3822 UDA B-431092 07/06/2011 1 395.00 English Books
    Dewey Decimal Classification     Non-fiction Shahdara Branch Shahdara Branch 07/06/2011 Allied Pub/2961/29.3.11/85/24.3.11/31.3.11 395.00   621.3822 UDA B-431094 07/06/2011 1 395.00 English Books

© Delhi Public Library
Hit Counter
free hit counter